Fórum starostí, želaní a túžob : Z ustanovujúcich zasadnutí miestnych zastupiteľstiev

Podrobná bibliografia
Hlavný autor: maj (Author)
Médium: Článok
Jazyk:Slovak
Vydané: 1994
Témy:
Zdroj: 1. Košický večer 1. Roč. 5, č. 233(1994), dát. 1205, s. 1,2
LEADER 00746nab#a2200289#ar4500
001 000002813
003 SVKKK
005 20030717134249.0
008 030717c1994 e sloo
FMT
038 |a SVKKK 
040 |a SVKKK  |b slo  |e AACR2 
041 0 |a slo 
080 |a 352.075  |2 1981 
100 0 |a maj  |4 aut 
245 1 0 |a Fórum starostí, želaní a túžob :  |b Z ustanovujúcich zasadnutí miestnych zastupiteľstiev  |c maj , 
260 |c 1994 
650 0 4 |a informácie 
650 0 4 |a zasadnutia ustanovujúce 
650 0 4 |a zastupiteľstvá miestne 
773 0 |t Košický večer  |g Roč. 5, č. 233(1994), dát. 1205, s. 1,2 
957 |a Košice 
974 |a Cr 
992 |a RBX 
BAS
852 |a SVKKK  |b BIB 
998 |a REG